Vista normal
Vista MARC
Entrada Personal Name
Número de registros utilizados en: 1
001 - CONTROL NUMBER
- control field: 14062
003 - CONTROL NUMBER IDENTIFIER
- control field: DLC
005 - DATE AND TIME OF LATEST TRANSACTION
- control field: 20230414133222.0
008 - FIXED-LENGTH DATA ELEMENTS
- fixed length control field: 080813n| azannaabn |a aaa
010 ## - LIBRARY OF CONGRESS CONTROL NUMBER
- LC control number: n 2008055307
035 ## - SYSTEM CONTROL NUMBER
- System control number: (OCoLC)oca07849895
040 ## - CATALOGING SOURCE
- Original cataloging agency: DLC
- Language of cataloging: spa
- Description conventions: rda
- Transcribing agency: Mx-PuUPA
- Modifying agency: MnU
- Modifying agency: Mx-PuUPA
100 1# - HEADING--PERSONAL NAME
- Personal name: Guerrero Martínez, Luis,
372 ## - FIELD OF ACTIVITY
- Field of activity: Filosofía
- Source of term: lcsh
374 ## - OCCUPATION
- Occupation: Coordinador
375 ## - GENDER
- Gender: hombre
377 ## - ASSOCIATED LANGUAGE
- Language code: spa
400 1# - SEE FROM TRACING--PERSONAL NAME
- Personal name: Martínez, Luis Guerrero
400 1# - SEE FROM TRACING--PERSONAL NAME
- Personal name: Guerrero, Luis
- Fuller form of name: (Guerrero Martínez)
670 ## - SOURCE DATA FOUND
- Source citation: Guerrero Martínez, Luis. Quién decide lo que está bien y lo que está mal? Etica y racionalidad, 2008:
- Information found: t.p. (Luis Guerrero Martínez)
670 ## - SOURCE DATA FOUND
- Source citation: Para un examen de conciencia, 2008:
- Information found: title page (prólogo de Luis Guerrero)